<?xml version="1.0" encoding="UTF-8"?>
<record
    xmlns:xsi="http://www.w3.org/2001/XMLSchema-instance"
    xsi:schemaLocation="http://www.loc.gov/MARC21/slim http://www.loc.gov/standards/marcxml/schema/MARC21slim.xsd"
    xmlns="http://www.loc.gov/MARC21/slim">

  <leader>00837cam a22002531  4500</leader>
  <controlfield tag="001">ne 68000255 </controlfield>
  <controlfield tag="003">DLC</controlfield>
  <controlfield tag="005">20260227111836.0</controlfield>
  <controlfield tag="008">840113s19651967ua            000 0 ararc</controlfield>
  <datafield tag="010" ind1=" " ind2=" ">
    <subfield code="a">ne 68000255 </subfield>
  </datafield>
  <datafield tag="035" ind1=" " ind2=" ">
    <subfield code="a">(OCoLC)10295407</subfield>
  </datafield>
  <datafield tag="040" ind1=" " ind2=" ">
    <subfield code="a">Princeton Univ. Libr.</subfield>
    <subfield code="c">TxU</subfield>
    <subfield code="d">DLC</subfield>
  </datafield>
  <datafield tag="050" ind1="0" ind2="0">
    <subfield code="a">KBP285</subfield>
    <subfield code="b">.D57 1965</subfield>
  </datafield>
  <datafield tag="245" ind1="0" ind2="0">
    <subfield code="a">Dir&#x101;s&#x101;t f&#x12B; fiqh al-Kit&#x101;b wa-al-sunnah,</subfield>
    <subfield code="c">ta&#x2BC;l&#x12B;f A&#x1E25;mad &#x2BB;Abd al-Mun&#x2BB;im al-Bah&#x12B; [wa-&#x101;khar&#x12B;n]</subfield>
  </datafield>
  <datafield tag="260" ind1=" " ind2=" ">
    <subfield code="a">[al-Q&#x101;hirah] :</subfield>
    <subfield code="b">Ma&#x1E6D;ba&#x2BB;at Lajnat al-Bay&#x101;n al-&#x2BB;Arab&#x12B;</subfield>
    <subfield code="c">1965-[67]</subfield>
  </datafield>
  <datafield tag="300" ind1=" " ind2=" ">
    <subfield code="a">2 v.</subfield>
    <subfield code="c">24 cm.</subfield>
  </datafield>
  <datafield tag="500" ind1=" " ind2=" ">
    <subfield code="a">At head of title: J&#x101;mi&#x2BB;at al-Azhar. Kull&#x12B;yat al-Shar&#x12B;&#x2BB;ah.</subfield>
  </datafield>
  <datafield tag="504" ind1=" " ind2=" ">
    <subfield code="a">Bibliographical footnotes.</subfield>
  </datafield>
  <datafield tag="650" ind1=" " ind2="0">
    <subfield code="a">Islamic law.</subfield>
  </datafield>
  <datafield tag="650" ind1=" " ind2="0">
    <subfield code="a">Sunnites</subfield>
  </datafield>
  <datafield tag="650" ind1=" " ind2="0">
    <subfield code="a">Islamic law</subfield>
    <subfield code="v">Sources</subfield>
  </datafield>
  <datafield tag="650" ind1=" " ind2="0">
    <subfield code="a">Zakat</subfield>
  </datafield>
  <datafield tag="700" ind1="1" ind2=" ">
    <subfield code="a">Bah&#x12B;, A&#x1E25;mad &#x2BB;Abd al-Mun&#x2BB;im.</subfield>
  </datafield>
  <datafield tag="999" ind1=" " ind2=" ">
    <subfield code="c">49979</subfield>
    <subfield code="d">49979</subfield>
  </datafield>
</record>
